[Event "C.to Mondiale U20"]
[Site "Puerto Madryn ARG"]
[Date "2009.10.29"]
[Round "8"]
[White "Vocaturo, Daniele"]
[Black "Perez Ponsa, Federico"]
[Result "1-0"]
[WhiteElo "2510"]
[BlackElo "2422"]
[PlyCount "83"]
[EventDate "2009.10.22"]

1. e4 c5 2. Nf3 d6 3. d4 cxd4 4. Nxd4 Nf6 5. Nc3 a6 6. Be3 e5 7. Nb3 Be6 8. f3
Nbd7 9. g4 Nb6 10. g5 Nh5 11. Qd2 Be7 12. O-O-O Rc8 13. Kb1 Qc7 14. Qf2 Bd8 15.
Rg1 O-O 16. h4 g6 17. f4 exf4 18. Bd4 Nc4 19. Be2 Ng3 20. Bxc4 Qxc4 21. Nd2 Qc6
22. Qxf4 Nh5 23. Qh2 b5 24. Nf1 Bb6 25. Ne3 Rfe8 26. Rge1 Ba5 27. Re2 Bxc3 28.
Bxc3 Qxe4 29. Qxd6 Qxh4 30. Nd5 Qxg5 31. Re5 Qd8 32. Qa3 Nf4 33. Ne3 Qc7 34.
Re1 Bxa2+ 35. Qxa2 Rxe5 36. Bxe5 Qxe5 37. Qxa6 Qc5 38. Rd1 h5 39. Rd7 Re8 40.
Qf6 Qf8 41. Qxf4 Qc5 42. Rd6 1-0

[Event "C.to Mondiale U20"]
[Site "Puerto Madryn ARG"]
[Date "2009.10.30"]
[Round "9"]
[White "Blit, Jacques"]
[Black "Vocaturo, Daniele"]
[Result "0-1"]
[WhiteElo "2350"]
[BlackElo "2510"]
[PlyCount "82"]
[EventDate "2009.10.22"]

1. d4 Nf6 2. Nc3 d5 3. Bg5 Nbd7 4. f3 c6 5. e4 dxe4 6. Bc4 Nb6 7. Bb3 e3 8.
Bxe3 Bf5 9. Nge2 e6 10. Ng3 Bg6 11. Qe2 Bb4 12. O-O a5 13. a4 Nbd5 14. Bd2 O-O
15. Nce4 Qb6 16. Kh1 Be7 17. Qc4 Rfd8 18. Rae1 Rac8 19. Nc5 Qa7 20. Nge4 Ne8
21. Ba2 b6 22. Nd3 Nd6 23. Nxd6 Bxd6 24. Ne5 Bxe5 25. dxe5 b5 26. Qg4 Bxc2 27.
Re4 Bxe4 28. Qxe4 Ne7 29. Be3 Qa6 30. Bb1 Ng6 31. h4 bxa4 32. Re1 Qb5 33. h5
Nf8 34. Bg5 Rd7 35. Qg4 Qb4 36. Qg3 Rcd8 37. Kh2 Rd1 38. Bf6 g6 39. Rxd1 Rxd1
40. Qg5 Qd2 41. f4 Rf1 0-1

[Event "C.to Mondiale U20"]
[Site "Puerto Madryn ARG"]
[Date "2009.10.30"]
[Round "9"]
[White "Catelli, Hernan"]
[Black "Stella, Andrea"]
[Result "1/2-1/2"]
[WhiteElo "2200"]
[BlackElo "2330"]
[PlyCount "74"]
[EventDate "2009.10.22"]

1. g3 f5 2. Bg2 Nf6 3. d3 e5 4. Nf3 Nc6 5. O-O g6 6. c4 Bg7 7. Nc3 O-O 8. Rb1
a5 9. a3 d6 10. b4 axb4 11. axb4 h6 12. b5 Ne7 13. Qb3 Be6 14. Ba3 g5 15. Bb4
Qe8 16. Ra1 Rb8 17. Ra7 f4 18. Qa3 fxg3 19. hxg3 e4 20. Nh2 e3 21. Rxb7 Rxb7
22. Bxb7 Bh3 23. Bg2 Qh5 24. Qa7 Nf5 25. Nd1 Bxg2 26. Kxg2 Qxe2 27. Nxe3 Nxg3
28. Re1 Qb2 29. Qa3 Qxa3 30. Bxa3 Ngh5 31. b6 cxb6 32. Bxd6 Rd8 33. Bc7 Rc8 34.
Be5 Re8 35. Bc7 Rc8 36. Be5 Re8 37. Bc7 Rc8 1/2-1/2

[Event "C.to Mondiale U20"]
[Site "Puerto Madryn ARG"]
[Date "2009.10.30"]
[Round "9"]
[White "Chirila, Ioan-Cristian"]
[Black "Brunello, Sabino"]
[Result "0-1"]
[WhiteElo "2504"]
[BlackElo "2533"]
[PlyCount "68"]
[EventDate "2009.10.22"]

1. e4 c6 2. c4 d5 3. exd5 cxd5 4. cxd5 Nf6 5. Nc3 Nxd5 6. Nf3 e6 7. d4 Bb4 8.
Bd2 Nc6 9. Bd3 Nf6 10. Bg5 h6 11. Be3 O-O 12. O-O Bd6 13. Rc1 e5 14. h3 exd4
15. Nxd4 Ne5 16. Be2 a6 17. Qc2 Ng6 18. Rfe1 Bf4 19. Bxf4 Nxf4 20. Rcd1 Nxe2+
21. Rxe2 Bd7 22. Nf3 Qc8 23. Rd6 Re8 24. Qd2 Rxe2 25. Qxe2 Qc7 26. Qd2 Re8 27.
Qd4 Bc6 28. Qd3 Bxf3 29. gxf3 Nh5 30. Qd4 Qe7 31. Ne4 Nf4 32. Kf1 Qh4 33. Rd7
Qxh3+ 34. Ke1 Qxf3 0-1

[Event "C.to Mondiale U20"]
[Site "Puerto Madryn ARG"]
[Date "2009.10.31"]
[Round "10"]
[White "Brunello, Sabino"]
[Black "Margvelashvili, Giorgi"]
[Result "0-1"]
[WhiteElo "2533"]
[BlackElo "2509"]
[PlyCount "130"]
[EventDate "2009.10.22"]

1. e4 c5 2. Nf3 d6 3. d4 cxd4 4. Nxd4 Nf6 5. Nc3 Nc6 6. Bc4 e6 7. Be3 a6 8. Qe2
Qc7 9. Bb3 Na5 10. g4 b5 11. g5 Nd7 12. f4 b4 13. Nd5 exd5 14. exd5 Kd8 15.
O-O-O Nc5 16. Nc6+ Nxc6 17. Bxc5 Na5 18. Bxb4 Nxb3+ 19. axb3 h6 20. Rhe1 Bd7
21. Rd4 Bb5 22. Qd2 a5 23. Bc3 hxg5 24. fxg5 a4 25. bxa4 Bxa4 26. h4 Bb5 27.
Qf4 Ra1+ 28. Kd2 Rxe1 29. Kxe1 Be7 30. Re4 Re8 31. Qxf7 Qa7 32. Bd4 Qa5+ 33.
Kd1 Bxg5 34. b4 Rxe4 35. Qf8+ Kc7 36. Qxg7+ Re7 37. Qxe7+ Bxe7 38. bxa5 Bxh4
39. Kd2 Bc4 40. Kc3 Bxd5 41. Kb4 Kb7 42. Bb6 Be1+ 43. c3 Ba2 44. Be3 d5 45. Ka3
Bc4 46. Kb2 Bg3 47. Bd4 Bc7 48. Kc2 Bxa5 49. Kd2 Kc6 50. Bf6 Kd7 51. Bd4 Ke6
52. Bg7 Bc7 53. Bd4 Be5 54. Bb6 Kd7 55. Kc2 Kc6 56. Be3 Kb5 57. Bf2 Be2 58. Be3
Kc4 59. Bd2 Bd3+ 60. Kb2 Bf5 61. Be1 Bg6 62. Bd2 Kd3 63. Be1 Be8 64. Kb3 Bb5
65. Kb2 Bc4 0-1

[Event "C.to Mondiale U20"]
[Site "Puerto Madryn ARG"]
[Date "2009.11.02"]
[Round "12"]
[White "Stella, Andrea"]
[Black "Perez Ponsa, Federico"]
[Result "1/2-1/2"]
[WhiteElo "2330"]
[BlackElo "2422"]
[PlyCount "50"]
[EventDate "2009.10.22"]

1. e4 c5 2. Nf3 d6 3. d4 cxd4 4. Nxd4 Nf6 5. Nc3 g6 6. Be3 Bg7 7. f3 O-O 8. Qd2
Nc6 9. O-O-O d5 10. Kb1 Rb8 11. Nb3 e6 12. h4 a5 13. h5 dxe4 14. hxg6 hxg6 15.
Qf2 Nd5 16. Nxd5 exd5 17. fxe4 a4 18. Rxd5 Qe7 19. Nc5 Ne5 20. Bd4 Ng4 21. Qd2
Nf6 22. Qf4 Bg4 23. Bxf6 Qxf6 24. Qxf6 Bxf6 25. Nd7 Bxd7 1/2-1/2

[Event "X Weekend Val Bisagno"]
[Site "Genova ITA"]
[Date "2009.10.25"]
[Round "4"]
[White "Altieri, Danilo Mario"]
[Black "Pino, Gianfranco"]
[Result "1-0"]
[WhiteElo "1985"]
[BlackElo "1952"]
[PlyCount "43"]
[EventDate "2009.10.23"]

1. Nf3 Nf6 2. g3 g6 3. Bg2 Bg7 4. d3 d6 5. O-O O-O 6. e4 Nc6 7. c3 e5 8. Nbd2
Bg4 9. h3 Bd7 10. Re1 Qc8 11. Kh2 Nh5 12. Nf1 Kh8 13. Bd2 f5 14. exf5 gxf5 15.
Nxe5 Nxe5 16. Qxh5 Nxd3 17. Re7 Be8 18. Qg5 Bf6 19. Rxh7+ Kxh7 20. Qh6+ Kg8 21.
Bd5+ Bf7 22. Qg6+ 1-0

[Event "XIX C.to Mondiale Seniores"]
[Site "Condino ITA"]
[Date "2009.10.27"]
[Round "1"]
[White "Scarpellini, Felice"]
[Black "Stull, Norbert"]
[WhiteElo "1823"]
[BlackElo "2168"]
[Result "0-1"]
[PlyCount "100"]
[EventDate "2009.10.27"]

1. c4 Nf6 2. Nc3 g6 3. g3 Bg7 4. Bg2 O-O 5. e4 d6 6. Nge2 c5 7. O-O Nc6 8. f4
Bg4 9. h3 Bxe2 10. Nxe2 Ne8 11. d3 Nc7 12. Be3 Ne6 13. f5 Ned4 14. Nxd4 Nxd4
15. g4 e6 16. fxg6 hxg6 17. Qd2 Rb8 18. Rab1 b5 19. b3 Qc7 20. Kh1 a5 21. Bh6
a4 22. Bxg7 Kxg7 23. Qf2 axb3 24. axb3 bxc4 25. bxc4 Rxb1 26. Rxb1 Rb8 27. Rxb8
Qxb8 28. Bf1 e5 29. g5 Qd8 30. h4 Ne6 31. Kh2 Nf4 32. Qf3 f6 33. Qg4 fxg5 34.
hxg5 Qe7 35. Qh4 Qf7 36. Kg1 Nh5 37. Be2 Qf4 38. Qxf4 Nxf4 39. Bf1 Ne6 40. Bh3
Nxg5 41. Bg4 Kf6 42. Kg2 Nh7 43. Kg3 Kg5 44. Be2 Nf6 45. Bf1 Nh5+ 46. Kf3 Kh4
47. Kg2 Kg4 48. Be2+ Kf4 49. Kh3 Ke3 50. Bf1 Kf2 0-1

[Event "XIX C.to Mondiale Seniores"]
[Site "Condino ITA"]
[Date "2009.10.28"]
[Round "2"]
[White "Loktiev, Ivan"]
[Black "Welz, Peter"]
[WhiteElo "2261"]
[BlackElo "2101"]
[Result "1-0"]
[PlyCount "53"]
[EventDate "2009.10.27"]

1. d4 f5 2. g3 Nf6 3. Bg2 e6 4. c4 Be7 5. Nf3 O-O 6. O-O d6 7. Nc3 Qe8 8. Qc2
Qh5 9. e4 e5 10. dxe5 dxe5 11. Nd5 Nxd5 12. exd5 Bf6 13. Be3 Na6 14. c5 g5 15.
Qc4 f4 16. Bc1 g4 17. Nd2 f3 18. Bh1 Bg5 19. Re1 Bxd2 20. Bxd2 e4 21. Rxe4 Bf5
22. Re7 Rf7 23. Rae1 Rxe7 24. Rxe7 Kf8 25. d6 cxd6 26. cxd6 Rc8 27. Bh6+ 1-0

[Event "XIX C.to Mondiale Seniores"]
[Site "Condino ITA"]
[Date "2009.10.29"]
[Round "3"]
[White "Hohler, Peter"]
[Black "Hajenius, Willem"]
[WhiteElo "2200"]
[BlackElo "2025"]
[Result "1/2-1/2"]
[PlyCount "30"]
[EventDate "2009.10.27"]

1. Nf3 f5 2. d3 d6 3. e4 e5 4. Nc3 Nc6 5. Bg5 Be7 6. Bxe7 Ngxe7 7. g3 Nd4 8.
Nxd4 exd4 9. Ne2 fxe4 10. dxe4 c5 11. Nf4 Qa5+ 12. Qd2 Qxd2+ 13. Kxd2 Bd7 14.
h4 Rf8 15. Rh2 b5 1/2-1/2

[Event "XIX C.to Mondiale Seniores"]
[Site "Condino ITA"]
[Date "2009.10.30"]
[Round "4"]
[White "Simon Padros, Emili"]
[Black "Welz, Peter"]
[WhiteElo "2237"]
[BlackElo "2101"]
[Result "1/2-1/2"]
[PlyCount "117"]
[EventDate "2009.10.27"]

1. e4 e6 2. d4 d5 3. Nc3 Bb4 4. Nge2 dxe4 5. a3 Be7 6. Nxe4 Nf6 7. Qd3 Nc6 8.
Bf4 Nxe4 9. Qxe4 Bf6 10. O-O-O O-O 11. h4 Qe7 12. Nc3 Rd8 13. Be3 e5 14. Bd3 g6
15. Nd5 Rxd5 16. Qxd5 exd4 17. Bg5 Be6 18. Bxf6 Qxf6 19. Qf3 Qxf3 20. gxf3 Ne5
21. Be4 c5 22. Rhe1 Rb8 23. Bd5 Bxd5 24. Rxe5 Rd8 25. f4 b6 26. Re7 a5 27. Rde1
Rd6 28. R1e5 Be6 29. Kd2 h5 30. Rb7 Kg7 31. b3 Kf6 32. Rb8 d3 33. c4 a4 34.
bxa4 Bxc4 35. a5 bxa5 36. Rxc5 Be6 37. Rxa5 Bf5 38. a4 Rd4 39. Rb6+ Kg7 40. Rb2
Rxf4 41. Kc3 Rxh4 42. Ra2 Rh1 43. Rxf5 gxf5 44. a5 Kg6 45. a6 Rc1+ 46. Kxd3 Rc8
47. a7 Ra8 48. Ke3 Kg5 49. Kf3 h4 50. Kg2 Kg4 51. f3+ Kf4 52. Ra4+ Ke3 53. f4
f6 54. Kh2 Kf2 55. Ra3 Ke2 56. Kg2 h3+ 57. Kxh3 Kf2 58. Kh2 Rh8+ 59. Rh3
1/2-1/2

[Event "XIX C.to Mondiale Seniores"]
[Site "Condino ITA"]
[Date "2009.10.31"]
[Round "5"]
[White "Stull, Norbert"]
[Black "Elfert, Aleksandr V."]
[WhiteElo "2168"]
[BlackElo "2021"]
[Result "1-0"]
[PlyCount "89"]
[EventDate "2009.10.27"]

1. d4 f5 2. g3 Nf6 3. Bg2 e6 4. Nf3 d5 5. O-O Bd6 6. c4 c6 7. b3 O-O 8. Ba3
Bxa3 9. Nxa3 Qe7 10. Qc1 a5 11. Qb2 Ne4 12. e3 Nd7 13. Nc2 g5 14. Nce1 b6 15.
Nd3 Bb7 16. Nfe5 Nxe5 17. Nxe5 f4 18. Rac1 Rac8 19. exf4 gxf4 20. Qe2 Qg7 21.
cxd5 exd5 22. Bh3 Rce8 23. Qg4 c5 24. Qxg7+ Kxg7 25. f3 Nd2 26. Rf2 fxg3 27.
Rxd2 gxh2+ 28. Kxh2 Kh8 29. Bg4 cxd4 30. Nd7 Rf4 31. Kg3 Rf7 32. Nxb6 Re5 33.
Rxd4 Kg7 34. Bc8 Bxc8 35. Rxc8 Re3 36. Rg4+ Kh6 37. Rc6+ Kh5 38. Rf4 Rg7+ 39.
Kf2 Re5 40. Rff6 Kh4 41. Rh6+ Kg5 42. Rhd6 h5 43. Nxd5 Rf7 44. Rg6+ Kh4 45. Rc1
1-0

[Event "XIX C.to Mondiale Seniores"]
[Site "Condino ITA"]
[Date "2009.10.31"]
[Round "5"]
[White "Welz, Peter"]
[Black "Boehnisch, Manfred"]
[WhiteElo "2101"]
[BlackElo "2364"]
[Result "1/2-1/2"]
[PlyCount "134"]
[EventDate "2009.10.27"]

1. e4 c6 2. d4 d5 3. e5 Bf5 4. c4 e6 5. Nc3 Ne7 6. c5 b6 7. b4 Nd7 8. Be3 bxc5
9. bxc5 f6 10. f4 fxe5 11. fxe5 Bg6 12. Bd3 Bxd3 13. Qxd3 Nf5 14. Nf3 Be7 15.
O-O Nf8 16. Rab1 Ng6 17. Bf2 O-O 18. Qa6 Qc8 19. Qxc8 Rfxc8 20. Rb7 Bd8 21.
Rfb1 Nf8 22. g4 Nh6 23. h3 Nf7 24. Ne2 h6 25. Nf4 Bc7 26. R1b3 Nd8 27. R7b4
Rcb8 28. Ra4 a5 29. g5 Rb5 30. gxh6 gxh6 31. Rba3 Nf7 32. h4 Bd8 33. Nh2 Kh7
34. Rf3 Ra7 35. Ng4 Ng6 36. Nxe6 Bxh4 37. Raa3 Rb1+ 38. Kh2 Ng5 39. Nxg5+ Bxg5
40. Nf6+ Kh8 41. Rab3 Rxb3 42. Rxb3 Bxf6 43. exf6 Rf7 44. Rf3 a4 45. Bg3 Kg8
46. Be5 Rb7 47. Kg3 h5 48. Rf5 h4+ 49. Kg4 Kf7 50. Rh5 Ke6 51. Rg5 Nxe5+ 52.
dxe5 d4 53. Kxh4 d3 54. Rg2 Kxe5 55. Kg5 Kd4 56. Kg6 Kxc5 57. f7 Rxf7 58. Kxf7
Kd4 59. Ke6 c5 60. Rg4+ Kc3 61. Kd5 d2 62. Rg3+ Kb2 63. Rg1 Kxa2 64. Rd1 Kb3
65. Rxd2 c4 66. Kd4 a3 67. Rh2 a2 1/2-1/2

[Event "XIX C.to Mondiale Seniores"]
[Site "Condino ITA"]
[Date "2009.11.02"]
[Round "6"]
[White "Hajenius, Willem"]
[Black "Nielsen, Peter"]
[WhiteElo "2025"]
[BlackElo "1894"]
[Result "1-0"]
[PlyCount "111"]
[EventDate "2009.10.27"]

1. d4 Nf6 2. c4 e6 3. Nc3 Bb4 4. f3 d5 5. a3 Be7 6. e4 dxe4 7. fxe4 e5 8. d5
Bc5 9. Be2 Ng4 10. Bxg4 Qh4+ 11. g3 Qxg4 12. Qxg4 Bxg4 13. h3 Bd7 14. Nge2 a5
15. Bd2 O-O 16. g4 Na6 17. Ng3 c6 18. Kf1 Rab8 19. Kg2 b5 20. cxb5 cxb5 21.
Nce2 a4 22. Rac1 Rfc8 23. Bc3 f6 24. Rcd1 Bd6 25. Nf5 Bxf5 26. gxf5 Rc4 27. Ng3
Rbc8 28. Kf3 Kf7 29. Bd2 Rd4 30. Be3 Rxd1 31. Rxd1 Rc4 32. Rc1 Rxc1 33. Bxc1
Nc5 34. Ke2 Nb3 35. Be3 Ke7 36. Ba7 Nc5 37. Ke3 Kf7 38. Ne2 Na6 39. Nc3 Nc7 40.
Bb6 b4 41. axb4 Bxb4 42. Nxa4 Ne8 43. b3 Nd6 44. Bc5 Bxc5+ 45. Nxc5 g6 46.
fxg6+ hxg6 47. Nd3 Ke7 48. h4 Nb5 49. b4 Kd6 50. Nb2 Kd7 51. Nc4 Kc7 52. Kd3
Nd4 53. Nd2 f5 54. exf5 gxf5 55. h5 f4 56. h6 1-0

[Event "XIX C.to Mondiale Seniores"]
[Site "Condino ITA"]
[Date "2009.11.04"]
[Round "8"]
[White "Battaglia, Emanuele"]
[Black "Gill, William D."]
[WhiteElo "1580"]
[BlackElo "1711"]
[Result "1/2-1/2"]
[PlyCount "65"]
[EventDate "2009.10.27"]

1. d4 Nf6 2. c4 e6 3. Nc3 Bb4 4. Qc2 d5 5. a3 Bxc3+ 6. Qxc3 O-O 7. e3 c6 8. Nf3
Nbd7 9. Bd3 dxc4 10. Bxc4 Nd5 11. Bxd5 exd5 12. O-O Nf6 13. b4 Ne4 14. Qc2 Bf5
15. Qb2 Nd6 16. Nd2 Re8 17. Re1 Bg6 18. a4 a6 19. Qc3 Rc8 20. Bb2 Qd7 21. Rac1
Qg4 22. f3 Qh4 23. Re2 Re6 24. Rce1 Rce8 25. e4 f6 26. e5 fxe5 27. Rxe5 Rxe5
28. Rxe5 Rxe5 29. dxe5 Qe1+ 30. Nf1 Qxc3 31. Bxc3 Nc4 32. Nd2 Ne3 33. a5
1/2-1/2

[Event "XIX C.to Mondiale Seniores"]
[Site "Condino ITA"]
[Date "2009.11.04"]
[Round "8"]
[White "Cerusico, Carlo"]
[Black "Lisandri, Luigi"]
[WhiteElo "1431"]
[BlackElo "1480"]
[Result "0-1"]
[PlyCount "68"]
[EventDate "2009.10.27"]

1. g3 e5 2. Bg2 Nf6 3. a3 d5 4. h3 Bc5 5. d3 c6 6. e3 a6 7. Ne2 Be6 8. b3 Nbd7
9. Bb2 Bb6 10. Nd2 a5 11. Rc1 O-O 12. O-O Re8 13. c4 Rc8 14. d4 Bc7 15. e4 Bd6
16. c5 Bb8 17. b4 Nxe4 18. Nxe4 dxe4 19. Qd2 f6 20. a4 Nf8 21. b5 cxb5 22. axb5
a4 23. Nc3 Qd7 24. Kh2 Red8 25. Nxe4 Qxb5 26. Nc3 Qb4 27. Qc2 Bb3 28. Qb1 exd4
29. Na2 Bxa2 30. Qxa2+ Kh8 31. Rc4 Qb3 32. Qxb3 axb3 33. Bxd4 Ne6 34. Bxb7 Rc7
$138 0-1

[Event "XIX C.to Mondiale Seniores"]
[Site "Condino ITA"]
[Date "2009.11.04"]
[Round "8"]
[White "Hajenius, Willem"]
[Black "Nordby, Bernt"]
[WhiteElo "2025"]
[BlackElo "2137"]
[Result "1/2-1/2"]
[PlyCount "74"]
[EventDate "2009.10.27"]

1. d4 Nf6 2. c4 g6 3. Nc3 Bg7 4. e4 d6 5. f4 O-O 6. Nf3 c5 7. d5 e6 8. Be2 exd5
9. cxd5 Bg4 10. e5 dxe5 11. fxe5 Nfd7 12. e6 Bxf3 13. Bxf3 Ne5 14. exf7+ Rxf7
15. O-O Nbd7 16. Be2 Rxf1+ 17. Bxf1 Qb6 18. Bd2 c4+ 19. Kh1 Rf8 20. Ne4 Qd4 21.
Qc2 Nd3 22. Bxd3 cxd3 23. Qc7 Ne5 24. Ng3 Ng4 25. h3 Nf2+ 26. Kh2 Qxd5 27. Qe7
Be5 28. Bh6 Rd8 29. Rf1 Bxg3+ 30. Kxg3 Qd6+ 31. Qxd6 Ne4+ 32. Kf3 Nxd6 33. Rd1
Nf5 34. Bg5 Rd7 35. g4 Nd4+ 36. Ke3 Nc2+ 37. Ke4 Nb4 1/2-1/2

[Event "XIX C.to Mondiale Seniores"]
[Site "Condino ITA"]
[Date "2009.11.04"]
[Round "8"]
[White "Recubini, Dante"]
[Black "Skworzvov, Igor"]
[WhiteElo "1463"]
[BlackElo "1756"]
[Result "0-1"]
[PlyCount "102"]
[EventDate "2009.10.27"]

1. e4 c6 2. d4 d5 3. Nc3 dxe4 4. Nxe4 Bf5 5. Ng3 Bg6 6. Bc4 Nf6 7. Be3 e6 8. a3
Nbd7 9. N1e2 Be7 10. Nf4 Nd5 11. Nxg6 hxg6 12. Bd2 Qc7 13. Qe2 N7f6 14. c3 Bd6
15. Qf3 O-O-O 16. Bg5 Rde8 17. Bd3 Qb6 18. Qe2 e5 19. O-O exd4 20. Qd2 dxc3 21.
bxc3 Qc7 22. c4 Nf4 23. Bxf4 Bxf4 24. Qd1 Rd8 25. Qc2 Ng4 26. Bf5+ gxf5 27.
Qxf5+ Kb8 28. Qxg4 f6 29. h3 Be5 30. Rab1 Rd4 31. Qe2 Rhd8 32. Kh1 Rd2 33. Qg4
g5 34. Qf3 R2d3 35. Qf5 Rxa3 36. Ne4 Qe7 37. f3 a5 38. Rbd1 Rxd1 39. Rxd1 a4
40. Nf2 Ra1 41. Qc2 Rxd1+ 42. Qxd1 a3 43. Qb3 Bb2 44. Nd3 Qe2 45. Nc5 Qe1+ 46.
Kh2 Be5+ 47. g3 Qf2+ 48. Kh1 Qxc5 49. Kg2 Qd6 50. g4 Qd2+ 51. Kf1 a2 0-1

[Event "XIX C.to Mondiale Seniores"]
[Site "Condino ITA"]
[Date "2009.11.04"]
[Round "8"]
[White "Soluri, Francesco"]
[Black "Scarpellini, Felice"]
[WhiteElo "1542"]
[BlackElo "1823"]
[Result "0-1"]
[PlyCount "50"]
[EventDate "2009.10.27"]

1. d4 Nf6 2. Bf4 e6 3. Nf3 d5 4. e3 Be7 5. Nbd2 O-O 6. h3 Nbd7 7. Bd3 c5 8. c3
b6 9. O-O Bb7 10. Re1 Ne4 11. Re2 f5 12. Rc1 Rc8 13. b3 cxd4 14. Nxd4 Rf6 15.
N2f3 Nxc3 16. Qd2 Nxe2+ 17. Bxe2 Rxc1+ 18. Qxc1 h6 19. Nc6 Bxc6 20. Qxc6 Kh8
21. Bb5 e5 22. Qxd7 Qxd7 23. Bxd7 exf4 24. Nd4 fxe3 25. fxe3 Bc5 0-1

[Event "XIX C.to Mondiale Seniores"]
[Site "Condino ITA"]
[Date "2009.11.05"]
[Round "9"]
[White "Thieme, Hans"]
[Black "Hajenius, Willem"]
[WhiteElo "2154"]
[BlackElo "2025"]
[Result "0-1"]
[PlyCount "138"]
[EventDate "2009.10.27"]

1. e4 c5 2. Nf3 e6 3. d4 cxd4 4. Nxd4 Nf6 5. Nc3 Nc6 6. Nxc6 bxc6 7. e5 Nd5 8.
Ne4 Bb7 9. Bd3 c5 10. c4 Nb4 11. Bf4 Be7 12. O-O Nxd3 13. Qxd3 Bxe4 14. Qxe4 f5
15. exf6 gxf6 16. Bh6 Kf7 17. Rfe1 Qg8 18. Rad1 Qg6 19. Rxd7 Qxe4 20. Rxe4 Rad8
21. Rxd8 Rxd8 22. Re1 e5 23. Kf1 Rd4 24. b3 Rh4 25. Be3 Rxh2 26. Kg1 Rh5 27.
Rd1 e4 28. Rd7 a5 29. Ra7 Ke6 30. Rxa5 Bd6 31. Rb5 Bh2+ 32. Kf1 Bd6 33. a4 Rh1+
34. Ke2 Ra1 35. g3 f5 36. Bxc5 f4 37. gxf4 Bxf4 38. Be3 Be5 39. f4 Ra2+ 40. Kf1
Bc3 41. Bb6 Kf6 42. a5 Bd2 43. Bd4+ Kg6 44. f5+ Kf7 45. Rb7+ Ke8 46. f6 Rxa5
47. Ke2 Bg5 48. f7+ Kf8 49. b4 Ra2+ 50. Kd1 Rd2+ 51. Ke1 Rxd4 52. c5 Bd2+ 53.
Ke2 Bxb4 54. c6 Be7 55. Ke3 Rc4 56. c7 Kxf7 57. c8=Q Rxc8 58. Kxe4 Ke6 59. Kf3
h5 60. Rb3 Bd6 61. Kg2 Kf5 62. Rb1 Rc2+ 63. Kh1 h4 64. Rf1+ Kg4 65. Rd1 Bg3 66.
Rb1 Kh3 67. Kg1 Rg2+ 68. Kh1 Rh2+ 69. Kg1 Bf2+ 0-1

[Event "XIX C.to Mondiale Seniores"]
[Site "Condino ITA"]
[Date "2009.11.05"]
[Round "9"]
[White "Thonig, Manfred"]
[Black "Cerusico, Carlo"]
[WhiteElo "1706"]
[BlackElo "1431"]
[Result "1-0"]
[PlyCount "53"]
[EventDate "2009.10.27"]

1. e4 e6 2. d4 h6 3. Nf3 a6 4. c4 d6 5. Nc3 b6 6. Bd3 Bb7 7. Qc2 g6 8. O-O Bg7
9. d5 e5 10. Be3 Nd7 11. b4 Ne7 12. Qd2 g5 13. h3 Ng6 14. g3 Bf6 15. Ne2 Rg8
16. Kh2 Qe7 17. a4 O-O-O 18. a5 Nf4 19. axb6 cxb6 20. c5 Nxd3 21. cxd6 Qxd6 22.
Qxd3 Nb8 23. Rac1+ Kd7 24. b5 a5 25. Nc3 Rc8 26. Na4 Be7 27. Nxb6+ 1-0

[Event "XIX C.to Mondiale Seniores"]
[Site "Condino ITA"]
[Date "2009.11.06"]
[Round "10"]
[White "Battaglia, Emanuele"]
[Black "Cerusico, Carlo"]
[WhiteElo "1580"]
[BlackElo "1431"]
[Result "1/2-1/2"]
[PlyCount "63"]
[EventDate "2009.10.27"]

1. d4 h6 2. c4 b6 3. Nc3 Bb7 4. e3 e6 5. Nf3 a6 6. Be2 d6 7. O-O g6 8. b3 Bg7
9. Bb2 Nd7 10. Qd2 Ne7 11. Ne1 h5 12. Bf3 d5 13. cxd5 Nxd5 14. Nxd5 exd5 15.
Nd3 Nf6 16. Rac1 Qd6 17. Qb4 Bf8 18. Qxd6 Bxd6 19. Bc3 a5 20. Rfe1 O-O 21. Ba1
Ba6 22. Red1 Rac8 23. Rc2 c6 24. Ne1 Rc7 25. Be2 Bxe2 26. Rxe2 Rfc8 27. Rc2 c5
28. dxc5 Be7 29. c6 Rxc6 30. Rdc1 Rxc2 31. Rxc2 Rxc2 32. Nxc2 1/2-1/2

[Event "XIX C.to Mondiale Seniores"]
[Site "Condino ITA"]
[Date "2009.11.06"]
[Round "10"]
[White "Soluri, Francesco"]
[Black "Skworzvov, Igor"]
[WhiteElo "1542"]
[BlackElo "1756"]
[Result "1/2-1/2"]
[PlyCount "88"]
[EventDate "2009.10.27"]

1. d4 d5 2. Bf4 Bf5 3. Nf3 h6 4. h3 Nc6 5. c3 Nf6 6. Nbd2 e6 7. e3 a6 8. Be2
Bd6 9. Ne5 Bxe5 10. dxe5 Nd7 11. Nf3 Be4 12. O-O Bxf3 13. Bxf3 Ndxe5 14. Be2
Qe7 15. Qc2 Ng6 16. Bh2 Rc8 17. Rad1 O-O 18. a3 Qg5 19. f4 Qe7 20. Bd3 f5 21.
c4 Qc5 22. Kh1 Nge7 23. b4 Qd6 24. c5 Qd8 25. b5 axb5 26. Bxb5 Na7 27. a4 c6
28. Bc4 Qa5 29. Be2 Kh8 30. g4 b5 31. Ra1 b4 32. Rfc1 Rb8 33. Qb2 Rfd8 34. Qe5
Re8 35. Qxe6 Ng8 36. Qd6 Rbd8 37. Qg6 Rxe3 38. Bf1 b3 39. Rab1 Rde8 40. Bg1 Re1
41. Bd4 Nf6 42. Bxf6 gxf6 43. Qxf6+ Kh7 44. Qf7+ Kh8 1/2-1/2

[Event "XIX C.to Mondiale Seniores"]
[Site "Condino ITA"]
[Date "2009.11.06"]
[Round "10"]
[White "Trifoni, Giorgio"]
[Black "Lisandri, Luigi"]
[WhiteElo "1639"]
[BlackElo "1480"]
[Result "1-0"]
[PlyCount "77"]
[EventDate "2009.10.27"]

1. Nf3 Nc6 2. d4 e6 3. e3 d5 4. Nbd2 Nf6 5. c3 Bd6 6. b4 a6 7. a4 O-O 8. Bd3 e5
9. dxe5 Nxe5 10. Nxe5 Bxe5 11. Qc2 h6 12. O-O Qd6 13. Nf3 Re8 14. Bb2 Bg4 15.
Nxe5 Rxe5 16. Be2 Rh5 17. f4 Bxe2 18. Qxe2 Qd7 19. Qf3 Qg4 20. Rad1 c6 21. c4
Qxf3 22. Rxf3 Ne4 23. cxd5 Rxd5 24. Rd4 Re8 25. Rxd5 cxd5 26. Bd4 Rc8 27. Rf1
Rc2 28. b5 axb5 29. axb5 Kh7 30. b6 f6 31. Ra1 Kg6 32. g4 f5 33. gxf5+ Kxf5 34.
Bxg7 h5 35. Ra5 Rc6 36. Rxd5+ Kg6 37. Bd4 h4 38. Kg2 Rc2+ 39. Kh3 1-0

[Event "XIX C.to Mondiale Seniores"]
[Site "Condino ITA"]
[Date "2009.11.06"]
[Round "10"]
[White "Zelkind, Simeon"]
[Black "Recubini, Dante"]
[WhiteElo "1780"]
[BlackElo "1463"]
[Result "1-0"]
[PlyCount "51"]
[EventDate "2009.10.27"]

1. e4 e6 2. d4 g6 3. Nf3 Bg7 4. Nc3 b6 5. Bc4 Ne7 6. Bb3 Bb7 7. O-O O-O 8. Re1
a6 9. Bf4 d6 10. Qd2 Kh8 11. Bh6 Bxh6 12. Qxh6 Ng8 13. Qh3 Bc8 14. e5 d5 15.
Ne2 Nc6 16. c3 Nce7 17. Ng5 h5 18. Bc2 Nh6 19. Ng3 Nef5 20. f4 a5 21. Nxh5 gxh5
22. Qxh5 Kg7 23. Bxf5 exf5 24. e6 Qf6 25. exf7 Ba6 26. Re6 1-0

[Event "XIX C.to Mondiale Seniores"]
[Site "Condino ITA"]
[Date "2009.11.07"]
[Round "11"]
[White "Hajenius, Willem"]
[Black "Barlocco, Carlo"]
[WhiteElo "2025"]
[BlackElo "2158"]
[Result "0-1"]
[PlyCount "40"]
[EventDate "2009.10.27"]

1. d4 Nf6 2. c4 Nc6 3. d5 Ne5 4. e4 e6 5. f4 Ng6 6. Bd3 exd5 7. cxd5 Bb4+ 8.
Nc3 Qe7 9. Qe2 O-O 10. Nh3 Re8 11. Nf2 Qc5 12. Bd2 Bxc3 13. bxc3 Nxd5 14. O-O
Ndxf4 15. Qf3 Nxd3 16. Qxd3 Ne5 17. Qg3 d6 18. Be3 Qa5 19. Nd3 Nxd3 20. Bd4 Ne5
0-1

[Event "XIX C.to Mondiale Seniores"]
[Site "Condino ITA"]
[Date "2009.11.07"]
[Round "11"]
[White "Stull, Norbert"]
[Black "Ivanets, Vladimir"]
[WhiteElo "2168"]
[BlackElo "2231"]
[Result "1/2-1/2"]
[PlyCount "125"]
[EventDate "2009.10.27"]

1. d4 b6 2. e4 Bb7 3. Bd3 e6 4. Nf3 g6 5. c4 Bg7 6. Nc3 d6 7. Bg5 Qd7 8. Qd2 h6
9. Be3 c5 10. d5 e5 11. Bc2 Qe7 12. O-O Nf6 13. h3 Bc8 14. a3 g5 15. Nh2 Nh5
16. b4 O-O 17. bxc5 bxc5 18. Rab1 Nf4 19. Rb3 Nd7 20. Rfb1 Nb6 21. Bd3 Nxd3 22.
Qxd3 f5 23. exf5 Bxf5 24. Ne4 Qd7 25. Nf1 Bxe4 26. Qxe4 Rf7 27. Nd2 Raf8 28.
Rb5 Rf5 29. Qc2 h5 30. Ne4 g4 31. hxg4 hxg4 32. Rxb6 axb6 33. Rxb6 Qa7 34. Qb3
Rf4 35. Rb7 Qa5 36. Bd2 Qd8 37. Bxf4 exf4 38. Qb6 Qe8 39. Qc7 Qg6 40. Qxg7+
Qxg7 41. Rxg7+ Kxg7 42. Nxd6 Ra8 43. Nb7 Rxa3 44. Nxc5 Kf7 45. Ne6 g3 46. fxg3
fxg3 47. Kf1 Re3 48. c5 Re5 49. c6 Ke7 50. Nc7 Kd8 51. Na8 Rf5+ 52. Ke2 Rf2+
53. Ke3 Ra2 54. Nb6 Kc7 55. Nc4 Rxg2 56. Kf3 Rc2 57. Ne3 Rc3 58. Ke4 Kd8 59.
Kf4 Ke8 60. Ke4 Kf7 61. Kf4 Kg6 62. c7 Rxc7 63. Kxg3 1/2-1/2